000
00242nam a22000977a 4500
999
_c
155290
_d
155290
082
_a
_b
245
_a
Vidyanivas Misra ka nibandh sahithya/
_c
by Syam Sunder Pandey.
260
_a
Kanpur:
_b
Abhay Prakashan,
_c
2007.
650
_a
942
_c
BK